000
00344nam a2200133Ia 4500
008
190425s9999 xx 000 0 und d
245
_a
Pilmico inks corn sourcing deal with farm cooperative/
260
_b
The Philippine Star
260
_c
2018
300
_a
March 25
440
_a
The Philippine Star
650
_a
corn
650
_a
farming
999
_c
361663
_d
361663